[Event "Donau op 11th"]
[Site "Aschach"]
[Date "2002.12.26"]
[Round "1"]
[White "Fuchs, Michael"]
[Black "Bermadinger, Hermann"]
[Result "1-0"]
[WhiteElo "2293"]
[BlackElo "2094"]
[PlyCount "63"]
[EventDate "2002.12.26"]
[EventType "swiss"]
[EventRounds "7"]
[EventCountry "AUT"]
[SourceTitle "CBM 091 Extra"]
[Source "ChessBase"]
[SourceDate "2003.01.09"]
[SourceVersion "1"]
[SourceVersionDate "2003.01.09"]
[SourceQuality "1"]

1. e4 c5 2. Nf3 Nc6 3. d3 d6 4. g3 g6 5. Bg2 Bg7 6. c3 Nf6 7. 0-0 0-0 8. h3 c4 9. Nd4 cxd3 10. Qxd3 Bd7 11. Na3 Qc8 12. Kh2 Ne5 13. Qe2 a6 14. f4 Nc6 15. Be3 e5 16. Nb3 exf4 17. Bxf4 Re8 18. Bxd6 Re6 19. Rad1 b6 20. Qd3 Ra7 21. Nc4 Rb7 22. e5 Ne8 23. Qf3 f6 24. Nd4 Nxd4 25. Qxb7 Qxb7 26. Bxb7 Bc6 27. cxd4 Bxb7 28. d5 Nxd6 29. dxe6 Nc8 30. Nd6 Bc6 31. Nxc8 fxe5 32. Rd3 1-0

[Event "Budapest Spring op 12th"]
[Site "Budapest"]
[Date "1996.??.??"]
[Round "1"]
[White "Bermadinger, Hermann"]
[Black "Sergeev, Vladimir"]
[Result "0-1"]
[WhiteElo "2120"]
[BlackElo "2410"]
[PlyCount "48"]
[EventDate "1996.03.??"]
[EventType "swiss"]
[EventRounds "9"]
[EventCountry "HUN"]
[SourceTitle "CBM 052 Extra"]
[Source "ChessBase"]
[SourceDate "1996.07.01"]
[SourceVersion "1"]
[SourceVersionDate "1996.07.01"]
[SourceQuality "1"]

1. e4 Nf6 2. Nc3 Nc6 3. d4 d5 4. e5 Nd7 5. Bg5 Nb6 6. a4 a5 7. Bb5 h6 8. Bh4 Bf5 9. g4 Be6 10. f4 g5 11. f5 Bd7 12. Bf2 h5 13. Qf3 hxg4 14. Qxg4 Qc8 15. Qg2 Nb4 16. 0-0-0 Bxb5 17. Nxb5 c6 18. Nc3 Qxf5 19. Bg3 Nc4 20. Qf2 Qxf2 21. Bxf2 g4 22. Kb1 Bh6 23. Nge2 Nd2+ 24. Kc1 Ne4+ 0-1

[Event "Oberwart op"]
[Site "Oberwart"]
[Date "1996.??.??"]
[Round "2"]
[White "Wadsack, Wolfgang"]
[Black "Bermadinger, Hermann"]
[Result "1-0"]
[WhiteElo "2225"]
[BlackElo "2210"]
[PlyCount "73"]
[EventDate "1996.07.??"]
[EventType "swiss"]
[EventRounds "9"]
[EventCountry "AUT"]
[SourceTitle "CBM 053 Extra"]
[Source "ChessBase"]
[SourceDate "1996.09.01"]
[SourceVersion "1"]
[SourceVersionDate "1996.09.01"]
[SourceQuality "1"]

1. e4 c5 2. c3 d5 3. exd5 Qxd5 4. d4 cxd4 5. cxd4 Nc6 6. Nf3 e6 7. Bd3 Bb4+ 8. Nc3 Qd8 9. 0-0 Nf6 10. a3 Be7 11. Re1 a6 12. Bc2 b6 13. Qd3 Bb7 14. Be3 b5 15. b4 Rc8 16. Rac1 Ng4 17. Bb1 Nxe3 18. fxe3 Na7 19. Rf1 Bf6 20. Ne4 Bd5 21. Nfd2 Rxc1 22. Rxc1 g6 23. Nxf6+ Qxf6 24. e4 Bc6 25. d5 exd5 26. exd5 0-0 27. dxc6 Nxc6 28. Ne4 Qe6 29. Qd6 Qxd6 30. Nxd6 Nd4 31. Kf2 a5 32. bxa5 Nb3 33. Rc7 Rd8 34. Rc8 Rxc8 35. Nxc8 Nxa5 36. Bd3 Kf8 37. Bxb5 1-0